Dopasuj Koronę Gór Polski do województw - Statystyki

Ogólne statystyki
  • Ten quiz został rozwiązany 163 razy
  • Średni wynik to 14 z 28
Statystyki odpowiedzi
Hint Odpowiedź % Poprawnych
Rysy małopolskie
90%
Śnieżka dolnośląskie
85%
Śnieżnik dolnośląskie
68%
Kłodzka Góra dolnośląskie
66%
Tarnica podkarpackie
64%
Ślęża dolnośląskie
62%
Łysica świętokrzyskie
59%
Babia Góra małopolskie
58%
Wielka Sowa dolnośląskie
57%
Turbacz małopolskie
57%
Mogielica małopolskie
55%
Szczeliniec Wielki dolnośląskie
52%
Radziejowa małopolskie
46%
Skalnik dolnośląskie
45%
Skopiec dolnośląskie
41%
Wysoka małopolskie
41%
Skrzyczne śląskie
41%
Orlica dolnośląskie
39%
Waligóra dolnośląskie
39%
Rudawiec dolnośląskie
38%
Chełmiec dolnośląskie
36%
Lackowa małopolskie
36%
Wysoka Kopa dolnośląskie
35%
Kowadło dolnośląskie
35%
Jagodna dolnośląskie
34%
Ludomir małopolskie
34%
Czupel śląskie
25%
Biskupia Kopa opolskie
24%
Nie znaleziono quizów pasujących do podanych kryteriów
Rozkład punktacji
Procent ludzi z każdym wynikiem
Percentyl według liczby udzielonych odpowiedzi
Twoja historia wyników
Nie rozwiązałeś tego quizu